ბათუმის შოთა რუსთაველის სახელმწიფო უნივერსიტეტის ბიბლიოთეკა

ვენეციისა და ფლორენციის დიპლომატია XIII-XV საუკუნეებში (ბიბ.ჩანაწერი № 36702)

000 -LEADER
fixed length control field 00808nam a2200229Ia 4500
001 - CONTROL NUMBER
control field 2631
003 - CONTROL NUMBER IDENTIFIER
control field GE_BSU
008 - FIXED-LENGTH DATA ELEMENTS--GENERAL INFORMATION
fixed length control field 181216s||||||||xx |||||||||||||| ||und||
020 ## - INTERNATIONAL STANDARD BOOK NUMBER
International Standard Book Number 9992882908
040 ## - CATALOGING SOURCE
Transcribing agency GE_BSU
080 ## - UNIVERSAL DECIMAL CLASSIFICATION NUMBER
Universal Decimal Classification number 327(450.34)+327(450.521)+94(450),,12/14''
100 ## - MAIN ENTRY--PERSONAL NAME
Personal name ხუბაშვილი, ია.
245 ## - TITLE STATEMENT
Title ვენეციისა და ფლორენციის დიპლომატია XIII-XV საუკუნეებში
245 ## - TITLE STATEMENT
Statement of responsibility, etc. [რედ.გ. კუტალაძე]
260 ## - PUBLICATION, DISTRIBUTION, ETC.
Place of publication, distribution, etc. თბილისი
260 ## - PUBLICATION, DISTRIBUTION, ETC.
Name of publisher, distributor, etc. მერიდიანი
260 ## - PUBLICATION, DISTRIBUTION, ETC.
Date of publication, distribution, etc. 2004
300 ## - PHYSICAL DESCRIPTION
Extent 287 გვ.
653 ## - INDEX TERM--UNCONTROLLED
Uncontrolled term ვენეციისა და ფლორენციის დიპლომატია
942 ## - ADDED ENTRY ELEMENTS (KOHA)
Koha item type წიგნი

არაა ხელმისაწვდომი ეგზემპლარები.